000 00237nam a2200097Ia 4500
001 1220307
005 20250827092808.0
008 250824s9999 xx 000 0 und d
245 0 _aKIRILMIŞ
_cROBIN WAASERMAN
260 _bMARTI YAYINCILIK
999 _c1220307
_d1220307